Podział ADMINISTRACYJNY Panamy - Statystyki

Ogólne statystyki
  • Ten quiz został rozwiązany 9 razy
  • Średni wynik to 4 z 15
Statystyki odpowiedzi
Hint Odpowiedź % Poprawnych
Prowincja Chiriquí
89%
Prowincja Bocas del Toro
67%
Prowincja Colón
67%
Prowincja Darién
67%
Prowincja Coclé
56%
Region Autonomiczny Ngöbe-Buglé
22%
Region Autonomiczny Emberá-Wounaan
11%
Prowincja Herrera
0%
Terytorium Autonomiczne Kuna de Madugandí
0%
Terytorium Autonomiczne Kuna de Wargandí
0%
Region Autonomiczny Kuna Yala
0%
Prowincja Los Santos
0%
Prowincja Panama
0%
Prowincja Panama Zachodnia
0%
Prowincja Veraguas
0%
Nie znaleziono quizów pasujących do podanych kryteriów
Rozkład punktacji
Procent ludzi z każdym wynikiem
Percentyl według liczby udzielonych odpowiedzi
Twoja historia wyników
Nie rozwiązałeś tego quizu